[Event "Ciocaltea Memorial"]
[Site "Bucharest"]
[Date "1993.??.??"]
[Round "?"]
[White "Timoshenko, Georgy"]
[Black "Kiselev, Sergey"]
[Result "1-0"]
[WhiteElo "2515"]
[BlackElo "2510"]
[Annotator "Chekhov,V"]
[PlyCount "122"]
[EventDate "1993.02.??"]
[EventType "tourn"]
[EventRounds "15"]
[EventCountry "ROU"]
[EventCategory "10"]
[SourceTitle "CBM 034"]
[Source "ChessBase"]
[SourceDate "1993.06.01"]
[SourceVersion "1"]
[SourceVersionDate "1993.06.01"]
[SourceQuality "1"]

1. e4 c5 2. Nf3 Nc6 3. d4 cxd4 4. Nxd4 e5 5. Nb5 d6 6. c4 (6. a4 $5 Be6 (6...
Nf6 7. N1c3 a6 8. Na3 Bg4 $1 $132) 7. N1c3 a6 8. Na3 Rc8 9. Bc4 $1 Bxc4 10.
Nxc4 Nd4 11. Ne3 Nf6 12. O-O Be7 13. Ne2 $1 Ne6 14. f3 O-O 15. Kh1 g6 16. a5
Nh5 17. Nd5 Bg5 18. c3 Kg7 19. b4 Rc6 20. g3 $14 {Lanka-Nunn/BRD/1992/}) 6...
Be7 7. N1c3 a6 8. Na3 Be6 9. Bd3 (9. Nd5 Rc8 10. Be3 Bg5 11. Bb6 Qd7 12. Be2
Bd8 13. O-O Nge7 14. Be3 O-O 15. c5 Nd4 16. Bxd4 exd4 17. cxd6 Qxd6 $132 {
Oll,L-Sveshnikov/Helsinki/1992/}) (9. Nc2 Bg5 10. Be2 (10. Bd2 Rc8 11. Be2 h6
12. O-O Nf6 13. b3 O-O 14. Bxg5 hxg5 15. Qd2 b5 $5 16. cxb5 axb5 17. Bxb5 Qa5
$132 {Dvoirys,S-Sveshnikov/Helsinki/1992/}) 10... Bxc1 11. Qxc1 Qb6 $1 12. O-O
Nf6 13. Rd1 O-O 14. b3 (14. Rxd6 Qc5 15. Qd2 Rad8 $1 $132) 14... Rfd8 $10 {
Dolmatov,S-Van der Wiel,J/Manila ol/1992/}) 9... Bg5 10. O-O Bxc1 (10... Rc8 $5
) 11. Rxc1 Nf6 (11... Nge7 $5) 12. Qd2 O-O (12... Nd4 $5) 13. Nc2 $14 Rc8 14.
Rfd1 Qb6 15. Bf1 Rfd8 16. b3 Qa7 $6 (16... Ne7 $5 {/\ 17.Ne3 Nc6}) 17. h3 Qb8 (
17... Ne7 $5) 18. Qe3 Qa7 19. Qd2 Qb8 20. Re1 Qa7 21. Rcd1 Ne7 22. Re3 $1 Rd7
23. Rd3 $16 Ne8 24. Kh2 Rdc7 25. g3 Qc5 26. a4 $1 Qb6 27. Rb1 Rd7 28. Bg2 Rdd8
29. f4 $5 f6 $5 (29... exf4 $6 30. gxf4 f5 (30... Nc6 $6 31. f5 Bd7 32. Nd5 Qa7
33. f6 $40) (30... Bd7 $5 31. e5 (31. Rg3 $40) 31... Bf5 $1 $132 32. Rg3) 31.
Nd5 Bxd5 32. cxd5 {/\ Nd4, Ne6+-}) 30. f5 Bf7 31. h4 (31. g4 g5 $1) 31... Qc5
32. Rd1 Rc7 (32... Bh5 33. Bf3 Bxf3 34. Rxf3 {/\ g4,g5|^}) 33. g4 Rcd7 34. g5
Nc6 35. Rg3 Kh8 36. Bf3 $18 Nd4 (36... Ne7 37. Rdg1 $18) 37. Nxd4 exd4 38. Qxd4
Qe5 39. Nd5 (39. Qd2 $18) 39... Bxd5 40. Qxd5 Qxd5 (40... Nc7 41. Qxb7 fxg5 42.
hxg5 Ne6 43. Qd5 $18) 41. Rxd5 (41. exd5 Re7) 41... Nc7 42. Rd2 a5 43. gxf6
gxf6 44. Rdg2 $1 Na6 45. e5 dxe5 46. Bd5 h5 47. Rg6 Nc5 (47... Rf8 $2 48. Rh6+
Rh7 49. Rxf6 $1 $18) 48. Rxf6 Rd6 49. Rf7 R6d7 50. Rf6 Rd6 51. Rfg6 Rxg6 52.
Rxg6 Rf8 (52... Kh7 53. Rb6 $18) 53. f6 Kh7 54. Rg7+ Kh6 55. Rc7 b6 (55... Na6
56. Rxb7 Rxf6 57. Rb5 $18) 56. f7 Kg7 57. Re7 Nxb3 58. Rxe5 Nc5 59. Rxh5 Nxa4
60. Rg5+ Kf6 61. Rg8 Rxf7 1-0

[Event "Capablanca Memorial Premier 33rd"]
[Site "Havana"]
[Date "1998.05.09"]
[Round "3"]
[White "Abreu Delgado, Aryam"]
[Black "Teske, Henrik"]
[Result "1/2-1/2"]
[WhiteElo "2410"]
[BlackElo "2475"]
[Annotator "ChessBase"]
[PlyCount "83"]
[EventDate "1998.05.07"]
[EventType "tourn"]
[EventRounds "13"]
[EventCountry "CUB"]
[EventCategory "8"]
[SourceTitle "CBM 065"]
[Source "ChessBase"]
[SourceDate "1998.08.06"]
[SourceVersion "1"]
[SourceVersionDate "1998.08.06"]
[SourceQuality "1"]

1. e4 c5 2. Nf3 Nc6 3. d4 cxd4 4. Nxd4 Qc7 5. Nb5 Qb8 6. c4 Nf6 7. N5c3 e6 8.
Be3 b6 9. Nd2 Bc5 10. Bg5 Bb7 11. Rc1 O-O 12. Be2 Rd8 13. O-O Be7 14. Be3 d5
15. cxd5 exd5 16. exd5 Nb4 17. Qb3 Nbxd5 18. Nxd5 Bxd5 19. Qa4 a6 20. Bf3 Qb7
21. Rfd1 Bxf3 22. Nxf3 b5 23. Qf4 Rac8 24. Rxd8+ Rxd8 25. Nd4 Qd5 26. a3 Bc5
27. g3 h6 28. Nc6 Qxc6 29. Bxc5 Qe6 30. Bd4 Ne4 $19 31. Qe3 Qd5 32. Bb6 Rd6 33.
Bc7 Re6 $6 (33... Rf6 $5 34. Bf4 g5 35. f3 $1 {=/=/+} gxf4 36. fxe4 Qe5 37.
Rc8+ Kg7) 34. Qf3 Kh7 35. Bf4 Qf5 36. Kg2 Rf6 37. Qe2 Qd5 38. Rd1 $2 (38. f3
$142) 38... Qc6 $2 (38... Nxg3+ 39. Kxg3 Rg6+ 40. Kh4 Qf5 41. Qf3 (41. Bg3 $2
Rg5 $19) 41... Rg5 $3 {/\ 42... g6, 43... Rh5+} 42. Rd3 Rg1 $19) 39. Qd3 g6 40.
Kg1 Ng5 41. Bxg5 hxg5 42. Qd5 1/2-1/2

[Event "URS-ch FL56"]
[Site "Klaipeda"]
[Date "1988.??.??"]
[Round "?"]
[White "Dolmatov, Sergey"]
[Black "Guseinov, Aidyn"]
[Result "1-0"]
[WhiteElo "2550"]
[BlackElo "2325"]
[Annotator "ChessBase"]
[PlyCount "80"]
[EventDate "1988.11.??"]
[EventType "tourn"]
[EventRounds "17"]
[EventCountry "URS"]
[EventCategory "9"]
[SourceTitle "CBM 011"]
[Source "ChessBase"]
[SourceDate "1989.08.01"]
[SourceVersion "1"]
[SourceVersionDate "1989.08.01"]
[SourceQuality "1"]

1. e4 c5 2. Nf3 Nc6 3. d4 cxd4 4. Nxd4 e5 5. Nb5 d6 6. c4 Be6 7. N1c3 a6 8. Na3
Rc8 9. Be3 Nf6 10. Be2 Be7 11. O-O O-O 12. Qd2 h6 13. Rac1 Ne8 14. g3 Nf6 15.
f3 Nh7 16. Nd5 f5 17. Bb6 Qd7 18. exf5 Bxf5 19. Nxe7+ Nxe7 20. Rfd1 Rf6 21. Be3
Bg6 22. Nb1 Bxb1 23. Rxb1 Nf5 24. c5 Kh8 25. Bf2 $2 (25. Rbc1 Nxe3 26. Qxe3 d5
$1) 25... Ng5 $1 26. Kg2 $2 (26. Kh1 $17 e4 $1 27. f4 (27. fxe4 Nxe4 28. Qe1
Nxf2+ 29. Qxf2 Qc6+ 30. Kg1 Nh4 $19) 27... e3 $1 28. Qd5 Ne6 29. Be1 Rxc5 $17)
(26. cxd6 $19 e4 $1 27. fxe4 {27.Qb4 Rc2!} Nh3+ 28. Kg2 Nxf2 29. Kxf2 Rc2 $1
$19) (26. Rbc1 $17 e4 27. Qb4 Nxf3+ 28. Bxf3 exf3 29. cxd6 Rxc1 30. Rxc1 Rxd6
$17) (26. Be3 $1 $15 Nxg3 $1 27. Bxg5 (27. hxg3 Rxf3 28. Bxg5 Rxg3+ 29. Kf2 Qh3
$19) 27... Nxe2+ 28. Qxe2 Rg6 {26...hg5 27.Qxe5!} 29. Rxd6 Rxg5+ $15) 26... e4
$1 27. Kh1 (27. f4 $19 e3 $1 28. Qd5 {28.Bxe3 Qc6! -+} exf2 $19) (27. fxe4 $19
Nh4+ $1 28. gxh4 Qh3+ 29. Kg1 Rxf2 30. Kxf2 Nxe4+ $19) 27... exf3 28. c6 Rxc6
29. Bd3 d5 30. Re1 Nd6 31. Re5 Qf7 32. Qa5 Nge4 33. Bd4 f2 $1 34. Kg2 f1=Q+ 35.
Bxf1 Rc2+ 36. Kg1 Ng5 $4 (36... Nd2 $1 37. Qd8+ Qf8 $19) 37. Rxg5 $1 hxg5 38.
Qd8+ Qf8 (38... Kh7 $2 39. Bd3+) (38... Qg8 $2 39. Bxf6 $1) (38... Ne8 $2 39.
Bxf6 gxf6 40. Re1 $18) (38... Qe8 39. Bxf6 gxf6 40. Qxf6+ Kg8 41. Qxg5+ $19 {
/\ Bd3}) 39. Bxf6 Qxd8 40. Bxd8 Ne4 1-0

[Event "FRA-chT Top 12"]
[Site "Drancy"]
[Date "2016.06.01"]
[Round "5.7"]
[White "Riff, Jean Noel"]
[Black "Schlosser, Philipp"]
[Result "1-0"]
[WhiteElo "2506"]
[BlackElo "2539"]
[Annotator "ChessBase Website"]
[PlyCount "37"]
[EventDate "2016.05.28"]
[EventType "team-tourn"]
[EventRounds "11"]
[EventCountry "FRA"]
[SourceTitle "CBM 172 Extra"]
[Source "ChessBase"]
[SourceDate "2016.06.21"]
[SourceVersion "1"]
[SourceVersionDate "2016.06.21"]
[SourceQuality "1"]
[WhiteTeam "Mulhouse Philidor"]
[BlackTeam "Bischwiller"]
[WhiteTeamCountry "FRA"]
[BlackTeamCountry "FRA"]
[TimeControl "40/5400+30:1800+30"]

1. e4 {[%emt 0:00:30][%mdl 512]} c5 {[%emt 0:04:30]} 2. Nf3 {[%emt 0:00:00]}
Nc6 {[%emt 0:00:30]} 3. d4 {[%emt 0:00:00]} cxd4 {[%emt 0:00:30]} 4. Nxd4 {
[%emt 0:00:00]} Qb6 {[%emt 0:00:30]} 5. Nb3 {[%emt 0:00:00]} Nf6 {[%emt 0:00:
00]} 6. Bd3 {[%emt 0:04:30]} (6. Nc3 e6 7. Qe2 Bb4 8. Bd2 O-O 9. a3 Bxc3 10.
Bxc3 e5 11. O-O-O a5 12. Kb1 a4 13. Nd2 Qc5 14. Nc4 b5 15. Nd6 Ba6 16. Qe1 Nd4
17. Bxd4 Qxd6 18. Bc3 Qc7 19. f3 Rfc8 20. Qd2 Ne8 21. h4 d6 22. Bb4 Qb6 23. h5
Rc6 24. h6 g6 25. f4 Nf6 26. Bd3 Re8 27. f5 Nd7 28. fxg6 fxg6 29. Be2 {1-0 (29)
Caruana,F (2796)-Azarov,S (2580) Las Vegas 2015}) 6... d5 {[%emt 0:06:00]} 7.
exd5 {[%emt 0:00:30]} Nxd5 {[%emt 0:00:30]} 8. O-O {[%emt 0:02:30]} e6 {
[%emt 0:00:30]} 9. c4 {[%emt 0:04:30]} Nf6 {[%emt 0:00:30]} 10. Nc3 {[%emt 0:
00:30]} Be7 {[%emt 0:00:30]} 11. Bf4 {[%emt 0:02:30]} O-O {[%emt 0:00:30]} 12.
Qe2 {[%emt 0:00:30]} Nd4 $146 {[%emt 0:43:30]} (12... Bd7 13. Rad1 e5 14. Nd5
Nxd5 15. cxd5 Nb4 {Vogt,L (2500)-Ilic,Z (2375) Bern op 1990 (9) 1-0}) 13. Nxd4
{[%emt 0:01:30]} Qxd4 {[%emt 0:00:00]} 14. Be5 {[%emt 0:00:30]} Qc5 {[%emt 0:
00:00]} 15. Rad1 {[%emt 0:08:30]} Rd8 {[%emt 0:07:30]} 16. Bxf6 {[%emt 0:04:30]
} gxf6 {[%emt 0:06:30]} (16... Bxf6 {would have changed nothing.} 17. Bxh7+ $1
Kxh7 18. Rxd8 Bxd8 19. Qd3+ f5 20. Qxd8) 17. Bxh7+ {[%emt 0:00:30]} Kf8 {
[%emt 0:00:30]} ({If} 17... Kxh7 18. Rxd8 Bxd8 19. Qd3+ Qf5 20. Qxd8) 18. Ne4 {
[%emt 0:02:30]} Qe5 {[%emt 0:00:30]} 19. Qg4 {[%emt 0:00:30]} 1-0

[Event "Kstovo op"]
[Site "Kstovo"]
[Date "1994.??.??"]
[Round "2"]
[White "Petrushin, Alexander I"]
[Black "Kazhgaleyev, Murtas"]
[Result "1/2-1/2"]
[WhiteElo "2490"]
[BlackElo "2455"]
[Annotator "Dolmatov,S"]
[PlyCount "69"]
[EventDate "1994.08.??"]
[EventType "swiss"]
[EventRounds "9"]
[EventCountry "RUS"]
[SourceTitle "CBM 042 Extra"]
[Source "ChessBase"]
[SourceDate "1994.11.01"]
[SourceVersion "1"]
[SourceVersionDate "1994.11.01"]
[SourceQuality "1"]

{CBM 43} 1. e4 c5 2. Nf3 Nc6 3. d4 cxd4 4. Nxd4 e5 5. Nb5 d6 6. c4 Be7 7. Be2
Be6 8. O-O Nf6 9. N1c3 a6 10. Na3 Nd4 11. Be3 Nxe2+ 12. Qxe2 Rc8 (12... Ng4 $5
13. Nc2 Rc8 $132) 13. Rfd1 $6 (13. f3 $5 O-O 14. Rfd1) 13... O-O $6 (13... Ng4
$5) 14. f3 h6 15. Rac1 Qa5 $2 (15... Ne8 16. Nd5 Bg5 17. Bb6 Qd7 18. Rc3 $14) (
15... Nh5 $5 16. Nd5 Bg5 17. Bb6 Qd7 18. Rc3 Bxd5 $13) 16. Qd2 $1 {/\ Nd5} Qb4
17. b3 $1 (17. Nd5 $6 Nxd5 18. cxd5 Qxd2 19. Bxd2 Bd7 20. Nc4 Bb5 21. Nb6 Rb8
$1 22. a4 Bd8 $10) 17... Kh8 (17... Qxa3 $2 18. Nb1 $18) 18. Qb2 Rfe8 $6 (18...
Qa5 $5 19. Nd5 (19. Na4 $6 Nd7) 19... Nxd5 20. cxd5 Bd7 21. Nc4 $16) 19. Na4
$16 d5 (19... b5 $2 20. Bd2 $18) (19... Qa5 $2 20. Bb6 Qb4 21. Nc2 $18) 20. Nc2
Qd6 21. exd5 $18 Bf5 22. c5 Qb8 23. d6 (23. Nb6 $2 Rxc5) 23... Bd8 24. Bf2 (24.
b4 e4 25. f4 $18) 24... e4 25. Ne3 Bd7 26. f4 $6 (26. Qd4 $5 exf3 27. gxf3 Bc6
28. Bg3 $16) 26... b5 $1 27. Nb6 (27. cxb6 $2 Rxc1 28. Qxc1 Bxa4 29. bxa4 Bxb6
30. d7 Rd8 31. Qc6 Qa7) 27... Bxb6 28. cxb6 Rxc1 29. Qxc1 $132 Rc8 30. Qd2 Rc6
31. Qd4 Qxb6 32. Qe5 (32. Qxb6 Rxb6 33. Nc4 Rb7 34. Ne5 Be6 $10) 32... Qb8 33.
Bh4 Ne8 34. Be7 Qc8 35. Qb2 (35. Qxe4 Rc1 36. Qd4 $14) 1/2-1/2

[Event "FIDE-Wch k.o."]
[Site "Groningen"]
[Date "1997.12.10"]
[Round "1.2"]
[White "Ehlvest, Jaan"]
[Black "Van der Wiel, John"]
[Result "1-0"]
[WhiteElo "2610"]
[BlackElo "2525"]
[Annotator "Donev,I"]
[PlyCount "95"]
[EventDate "1997.12.09"]
[EventType "k.o."]
[EventRounds "7"]
[EventCountry "NED"]
[SourceTitle "CBM 063"]
[Source "ChessBase"]
[SourceDate "1998.03.26"]
[SourceVersion "1"]
[SourceVersionDate "1998.03.26"]
[SourceQuality "1"]

1. e4 {Baburin,A} c5 2. Nf3 Nc6 3. d4 cxd4 4. Nxd4 e5 5. Nb5 d6 6. c4 Be7 7.
N1c3 ({White often plays} 7. b3 {Baburin,A here. For example:} Nf6 8. Bd3 Be6
9. O-O O-O 10. Bb2 Nd7 11. N1c3 a6 12. Na3 Nc5 13. Nc2 Bg5 14. Re1 Qd7 15. Bf1
a5 16. Nb5 Rad8 17. Qe2 f5 18. exf5 Bxf5 19. Rad1 Qe7 20. Ne3 Bxe3 21. Qxe3 {
and White had better chances in the game Vorobiov-Zvereva, Petrov mem, St
Petersburg 1998.}) 7... a6 8. Na3 Be6 {Schwarz Entwickelt seine Leichtfiguren
flexibel.Er wartet mit der Entwicklung des Königsspringers , um die Optionen
Bg5 oder f7-f5 offen zu haben.} ({Here Black might try to eliminate the
e4-pawn by playing the immediate} 8... f5 {Baburin,A Here is an example from
recent tournament practice:} 9. exf5 Bxf5 10. Bd3 Be6 11. O-O Nf6 12. Bg5 O-O
13. Nc2 Ng4 14. Bxe7 Qxe7 15. h3 Nh6 16. Ne3 Rad8 17. Be4 Kh8 18. Qd3 Qh4 19.
Ncd5 Rf7 20. Rad1 Rdf8 21. Rd2 Nd4 22. Nc2 Nhf5 23. Nxd4 Nxd4 {Black stood
well in the game Mueller,K-Shabalov, Europe vs Americas, Bermuda 1998.}) 9. Bd3
Bg5 {Bei dieser Bauernstruktur ist es für Schwarz güntig den schwarzfeldrigen
Läufer zu tauschen. Da der weißfeldrige Opponent d3 schwächer ist.( Bauern
e4+c4)} 10. Nc2 ({After} 10. O-O {Baburin,A Van der Wiel tried a different
set-up in his more recent game vs. Xie Jun in the Hoogovens B-tournament in
Wijk aan Zee, 1998:} h6 11. Nc2 Nf6 12. b3 Bxc1 13. Rxc1 O-O 14. Qd2 Rc8 15.
Rfd1 Qb6 {The players agreed a draw after} 16. Qe3 Qxe3 17. Nxe3 g6 18. f3 Rfd8
19. Kf2 Kf8 20. Rd2 Ne8) 10... Bxc1 11. Rxc1 Nge7 $1 {Die Stellung ist im
Gleichgewicht.Schwarz kann zufrieden mit der Erröffnung sein. Er hat seine
Figuren optimal entwickelt und die Option f7-f5 offen gelassen. Der schwache
Bauer d6 ist nicht leicht anzugreifen.} 12. O-O Ng6 13. Nd5 Nf4 14. Qf3 Bxd5
15. cxd5 Ne7 16. g3 Nxd3 $2 {In blockierten Stellungen ist der Springer
meistens besser als der Läufer, der durch die eigenen Bauern eingeschrängt ist.
} (16... Nfg6 $11) 17. Qxd3 O-O 18. Ne3 {This position is in White's favour:
he has more space and can play on the queenside, where the open c-file offers
him good prospects. Black's knight is rather passive and the only way in which
he can activate it is to prepare ...f5. However, Black has to worry about the
c-file at the same time.} Rc8 (18... Qd7 {Baburin,A} 19. Nc4 Rab8 20. Nb6 Qd8
21. Qb3 f5 22. f3 {is also better for White.}) 19. a4 {White grabs space on
the queenside.} Rxc1 (19... Qd7) 20. Rxc1 Qd7 21. a5 f5 ({White also keeps the
upper hand after} 21... Rc8 {Baburin,A} 22. Rxc8+ Qxc8 23. Qa3 Qc7 24. Qb4 {
when after a further Nc4 he will force Black to place his knight passively on
c8. However, perhaps Black should have preferred this line to the rook endgame
which occurred in the game.}) 22. exf5 Nxf5 23. Nxf5 Qxf5 ({I think that Black
had to keep the queens on by playing} 23... Rxf5 {Baburin,A This would have
given more chances for counterplay.}) 24. Qxf5 Rxf5 {White maintains his
adavantage in the endgame as well, being the sole possessor of the only open
file. Defence in endings like this is an extremely dificult task. Ohne die
Türme wäre das Endspiel in etwa ausgeglichen. Da aber Weiß die einzige offene
Linie beherscht, kann Schwarz höchstens auf Remis spielen.} 25. Rc8+ Rf8 26.
Rc4 Rf3 27. Rc8+ Rf8 28. Rc3 g5 ({After} 28... e4 $6 {Baburin,A} 29. Rb3 $1 Rf5
30. Rxb7 Rxd5 31. b4 {Black is facing serious problems, as apart from 32 Rb6,
White also threatens to play 32 b5 axb5 33 a6, followed by 34 a7 and 35 Rb8+,
winning.}) ({After} 28... Rf7 {Baburin,A} 29. Kf1 {Black would have problems
similar to the ones he had in the game.}) 29. h3 Kg7 30. Kf1 Kf6 31. Ke2 e4 $2
{Auf den ersten Blick droht Kf6-Ke5.Nach diesem Fehler bekommt Weiß eine
gewonnene Stellung, da Van der Wiel Rc7 unterschätzt hat.} (31... h6 32. Rc7 (
32. Rf3+ Ke7 33. Rxf8 Kxf8 34. f4 gxf4 35. gxf4 exf4 36. Kf3 Kf7 37. Kxf4 Kf6
38. h4 h5 $11) 32... Rf7 33. Rc8 $14) (31... Rf7 32. Rc8 $14) 32. Rc7 $16 {
Der Rest war nur noch reine Technik.} Rb8 ({Perhaps, Black should have tried} 
32... h6 {Baburin,A} 33. Rxb7 Ke5 34. Rb6 Ra8) 33. Ke3 b6 34. Rxh7 bxa5 35.
Kxe4 Rb4+ (35... Rxb2 {Baburin,A} 36. Rh6+ Ke7 37. Kf5 Rxf2+ 38. Kxg5 {is also
bad for Black.}) 36. Kf3 Rxb2 37. Rh6+ Ke5 38. Rg6 Kxd5 39. Rxg5+ Kc6 40. Rxa5
Kb6 41. Ra1 Rb3+ 42. Kg4 d5 43. h4 d4 44. h5 d3 45. h6 Kc5 46. h7 Rb8 47. Kf5
Kc4 48. g4 1-0

[Event "FRA-chT Top 12"]
[Site "Belfort"]
[Date "2012.06.08"]
[Round "9.3"]
[White "Edouard, Romain"]
[Black "Sanchez, Joseph"]
[Result "1-0"]
[WhiteElo "2625"]
[BlackElo "2531"]
[Annotator "Edouard,R"]
[PlyCount "73"]
[EventDate "2012.05.31"]
[EventType "team-tourn"]
[EventRounds "11"]
[EventCountry "FRA"]
[SourceTitle "CBM 149"]
[Source "ChessBase"]
[SourceDate "2012.07.17"]
[SourceVersion "1"]
[SourceVersionDate "2012.07.17"]
[SourceQuality "1"]
[WhiteTeam "Chalonnais Echiquier"]
[BlackTeam "Grasse"]
[WhiteTeamCountry "FRA"]
[BlackTeamCountry "FRA"]

1. e4 c5 2. Nf3 Nc6 3. d4 cxd4 4. Nxd4 e5 5. Nb5 d6 6. N1c3 a6 7. Na3 b5 8. Nd5
Nge7 (8... Nf6 {to try to come back into a Sveshnikov would give White the
opportunity to go} 9. c4 $5 {anyway.}) 9. c4 Nxd5 10. exd5 Nd4 11. Bd3 $5 {
This natural move is actually a novetly, but I was not aware of the latest
theory of the line (going 11.cxb5 g6), which should mean after 11.Bd3 the move
11...g6 should be fine.} (11. cxb5 {is the main move and} g6 $5 {is the latest
fashion:} (11... Be7 12. Bd3 O-O 13. O-O {was the old line, probably not
giving Black enough compensation.}) (11... Bd7 $5 {is a side move, that the
engine seems to refute by playing} 12. bxa6 $1 Qa5+ 13. Bd2 Qxd5 14. Be3 $1 {
with the idea of playing Nc2.}) (11... Qh4 {seems worse for Black:} 12. bxa6
Be7 13. Be3 O-O (13... Qe4 14. Qd3 $16) 14. Bxd4 exd4 15. Bd3 $14) 12. Be3 $5
Bg7 (12... Nf5 13. bxa6 $1 {seems bad for Black.}) 13. Bxd4 exd4 14. Bd3 O-O
15. O-O Qg5 16. Qf3 $5 {and Black failed to equalise in Shirov-Sitnikov (2012).
}) 11... bxc4 {Usually Black doesn't take so early, but it doesn't seem so bad
either!} (11... g6 $5) 12. Nxc4 Be7 13. Be3 O-O 14. Bxd4 exd4 15. O-O (15. b4
$1 {with the idea of playing solidly with 0-0 and Rb1 (and Na5 later) might be
very strong ; of course Black should react energically:} Rb8 16. Rb1 Rb5 17.
Qf3 Bb7 (17... a5 18. Nxa5 Rxa5 19. bxa5 Qxa5+ 20. Kf1 $14 {followed by h4 is
better for White.}) 18. a4 Rxd5 19. Be4 Qa8 20. O-O $1 (20. Nb6 $2 Re5 $1 21.
Nxa8 Bxe4 {was what I saw during the game, and I thought due to the 20...Rb5
idea (after 20.0-0) White could not be better. Since I was considering my
position to be better after 15.0-0, I simply decided not to spend all my time
calculating 15.b4 - which was a wrong decision.}) 20... Rb5 21. Bxh7+ {(more
or less what I missed)} ({After} 21. Bxb7 Rxb7 {White has compensation: but
not enough for an avantage.}) 21... Kh8 (21... Kxh7 22. Qh3+ Kg8 23. axb5 axb5
24. Nd2 $14) 22. Qe2 Rg5 23. f3 {and White seems better.}) 15... Rb8 (15... a5
$5 {is more logical.}) 16. Qf3 (16. Re1 Bf6 {doesn't change much.}) 16... a5 $1
{Actually I started to think carefully only now, and I realised Black is very
close to equality. Actually I could not find any serious idea for White.} 17.
Rfe1 Bf6 18. b3 Ba6 19. Nd2 Bxd3 $1 {The simplest.} 20. Qxd3 a4 $1 {Black is
just kind of making a draw by force.} 21. Nc4 (21. bxa4 Qa5 $132) 21... axb3 (
21... Rb5 $5) 22. axb3 Rb5 {Once again the simplest.} 23. Ra6 (23. Qf3 {
was the normal move but after something like} Qc7 {with the idea of} 24. Ra6
Qb7 {Black is just OK - so I decided to try something else.}) 23... Qb8 {
Tempting, but not best.} (23... Rxd5 $142 24. Qf3 Rb5 (24... Qc8 $5 25. Qxd5
Qxa6 26. Nxd6 Qa8 27. Qc4 Qb8 $11) 25. Nxd6 Ra5 $5 {is just good for Black:}
26. Nb7 Qe8 $1 27. Rxe8 Rxe8 {and Black gets the other rook!}) 24. Rb1 Re8 $6 (
24... Qb7 $1 25. Rxd6 Be7 $11 {(/\...Rb8)}) (24... Rxd5 $6 25. Nb6 {might be
what my opponent missed while playing the tempting 23...Qb8.}) 25. g3 Rxd5 26.
Qf3 {Suddenly Black's position is getting unpleasant, while my opponent spent
almost all his time on the last three moves.} Rc5 (26... Qc8 {would be best
but after} 27. Nxd6 Qxa6 28. Qxd5 Rf8 29. b4 {Black would have to be careful.})
27. Nxd6 Rd8 28. Ne4 Rb5 $6 (28... Re5 {seems to be a better defence:} 29.
Nxf6+ gxf6 30. Qxf6 Rde8 {with very good chances for a draw. To be honest, I
just thought my position is totally winning after 28.Ne4, and that with half
an hour against 30 seconds per move, winning should be a matter of a few
moves! But I actually totally over-estimated my position.}) 29. Nxf6+ gxf6 30.
Rxf6 Qb7 31. Qg4+ Kh8 32. Qh4 $2 {A big mistake that I played instantly,
missing Black's next move.} (32. Qf4 $1 Kg8 33. Qh4 Rxb3 $8 (33... Qe7 $2 34.
Rg6+ $18) 34. Qg5+ Kf8 35. Re1 Rb1 $8 36. Rxf7+ $1 Kxf7 37. Qf5+ Kg7 38. Rxb1
Qd5 39. Qg4+ Kh8 40. Re1 {and White should win easily.}) (32. Re1 d3 33. Qf4 (
33. Rd6 Rd5 {is not so easy for White either.}) 33... d2 34. Rd1 Kg8 35. Rxd2
Rxd2 36. Qxd2 Rxb3 {and White doesn't have anything better than} 37. Qd8+ Kg7
38. Rd6 Rb1+ 39. Rd1 {which is just a draw.}) 32... Qe7 $8 {Suddenly I
realised the position is just a draw: I am a pawn up, but I cannot take
avantage of Black's "weak" king, while Black's d-pawn will be enough to make a
draw in most endgames.} 33. Qf4 Kg7 34. Rc6 (34. Qh6+ Kg8 {doesn't help.})
34... d3 35. Qg4+ Rg5 36. Qf3 Qe2 $4 {A crazy blunder four moves before the
time control. Sometimes it's good to receive presents...} (36... Rg6 $11) 37.
Qf6+ 1-0